Jesus and Muhammad : (Record no. 19115)

000 -LEADER
fixed length control field 02247cam a2200181 i 4500
020 ## - INTERNATIONAL STANDARD BOOK NUMBER
ISBN 9780199747467 (hardback : alk. paper)
020 ## - INTERNATIONAL STANDARD BOOK NUMBER
ISBN 0199747466 (hardback : alk. paper)
040 ## - CATALOGING SOURCE
Transcribing agency DLC
082 00 - DEWEY DECIMAL CLASSIFICATION NUMBER
Classification number 200 NAT 2001 C161 Or.
-- B
100 1# - MAIN ENTRY--AUTHOR NAME
Personal name Peters, F. E.
100 1# - MAIN ENTRY--AUTHOR NAME
Personal name Peters, F. E.
245 10 - TITLE STATEMENT
Title Jesus and Muhammad :
Remainder of title parallel tracks, parallel lives /
300 ## - PHYSICAL DESCRIPTION
Number of Pages xxiii, 214 pages ;
Dimensions 25 cm
520 1# - SUMMARY, ETC.
Summary, etc "Jesus and Muhammad are two of the best known and revered figures in history, each with a billion or more global followers. Now, in this intriguing volume, F.E. Peters offers a clear and compelling analysis of the parallel lives of Jesus and Muhammad, the first such in-depth comparison in print." "Like a detective, Peters compiles "dossiers of what we do and do not know about the lives and portraits of these towering figures, drawing on the views of modern historians and the evidence of the Gospels and the Quran. With erudition and wit, the author nimbly leads the reader through drama and dogma to reveal surprising similarities between the two leaders and their messages Each had a public career as a semi-sucessful preacher Both encountered opposition that threatened their lives and those of their followers. Each left a body of teaching purported to be their very words, with an urgent imperative that all must become believers in the face of the approaching apacalypse. Both are symbols of hope on the one hand and of God's terrible judgment on the other. They are bringers of peace--and the sword. There is, however a fundamental difference. Muslims tevere Muhammad ibn Abdullah of Mecca as a mortal prophet. Although known as a prophet in his day, the Galilean Jew Jesus was and is believed by his followers to have been the promised Messiah, indeed the son of God The Quran records revelations received by Muhammad as the messenger of God, whereas the revelations of the Gospels focus on Jesus and the events of his life and death." "A lasting contribution to interfaith understanding, Jesus and Muhammad offers lucid, intelligent answers to questions that underlie some of the world's most intractable conflicts."--BOOK JACKET
650 #0 - SUBJECT ADDED ENTRY--TOPICAL TERM
Topical Term Christianity and other religions
650 #0 - SUBJECT ADDED ENTRY--TOPICAL TERM
Topical Term Islam
942 ## - ADDED ENTRY ELEMENTS (KOHA)
Koha item type ADB
952 ## - LOCATION AND ITEM INFORMATION (KOHA)
Withdrawn status [LOCAL, KOHA] 0
Holdings
Source of acquisition Permanent Location Date acquired Koha item type Lost status Shelving location Current Location Full call number
A39462Library Block C2020-03-13សៀវភៅភាសាអង់គ្លេស C161Library Block C200 NAT 2001 C161 Or.
មជ្ឈមណ្ឌលឯការនៃសាកលវិទ្យាល័យភូមិន្ទកសិកម្មចំការដូង

Powered by Koha